<?xml version="1.0" encoding="UTF-8"?>
<record
    xmlns:xsi="http://www.w3.org/2001/XMLSchema-instance"
    xsi:schemaLocation="http://www.loc.gov/MARC21/slim http://www.loc.gov/standards/marcxml/schema/MARC21slim.xsd"
    xmlns="http://www.loc.gov/MARC21/slim">

  <leader>04334nam a22004337a 4500</leader>
  <controlfield tag="003">EG-GICUC</controlfield>
  <controlfield tag="005">20260504140255.0</controlfield>
  <controlfield tag="008">260504s2025    ua a|||frm||| 000 0 eng d</controlfield>
  <datafield tag="040" ind1=" " ind2=" ">
    <subfield code="a">EG-GICUC</subfield>
    <subfield code="b">eng</subfield>
    <subfield code="c">EG-GICUC</subfield>
    <subfield code="d">EG-GICUC</subfield>
    <subfield code="e">rda</subfield>
  </datafield>
  <datafield tag="041" ind1="0" ind2=" ">
    <subfield code="a">eng</subfield>
    <subfield code="b">eng</subfield>
    <subfield code="b">ara</subfield>
  </datafield>
  <datafield tag="049" ind1=" " ind2=" ">
    <subfield code="a">Deposit</subfield>
  </datafield>
  <datafield tag="082" ind1="0" ind2="4">
    <subfield code="a">628.3</subfield>
  </datafield>
  <datafield tag="092" ind1=" " ind2=" ">
    <subfield code="a">628.3</subfield>
    <subfield code="2">21</subfield>
  </datafield>
  <datafield tag="097" ind1=" " ind2=" ">
    <subfield code="a">M.Sc</subfield>
  </datafield>
  <datafield tag="099" ind1=" " ind2=" ">
    <subfield code="a">Cai01.13.04.M.Sc.2025.Ma.E</subfield>
  </datafield>
  <datafield tag="100" ind1="0" ind2=" ">
    <subfield code="a">Madiha Mohamed Ahmed Hatem, </subfield>
    <subfield code="e">preparation.</subfield>
  </datafield>
  <datafield tag="245" ind1="1" ind2="0">
    <subfield code="a">Eco-friendly approach for wastewater treatment using agricultural waste /</subfield>
    <subfield code="c">by Madiha Mohamed Ahmed Hatem ; Supervisors Prof. Hanem Abd El Rahman Sibak, Prof. Dr. Mohamed S. Hasanin. </subfield>
  </datafield>
  <datafield tag="246" ind1="1" ind2="5">
    <subfield code="a">&#x645;&#x646;&#x647;&#x62C;&#x64A;&#x629; &#x635;&#x62F;&#x64A;&#x642;&#x629; &#x644;&#x644;&#x628;&#x64A;&#x626;&#x629; &#x644;&#x645;&#x639;&#x627;&#x644;&#x62C;&#x629; &#x645;&#x64A;&#x627;&#x647; &#x627;&#x644;&#x635;&#x631;&#x641; &#x628;&#x627;&#x633;&#x62A;&#x62E;&#x62F;&#x627;&#x645; &#x627;&#x644;&#x645;&#x62E;&#x644;&#x641;&#x627;&#x62A; &#x627;&#x644;&#x632;&#x631;&#x627;&#x639;&#x64A;&#x629;</subfield>
  </datafield>
  <datafield tag="264" ind1=" " ind2="0">
    <subfield code="c">2025.</subfield>
  </datafield>
  <datafield tag="300" ind1=" " ind2=" ">
    <subfield code="a">102 pages : </subfield>
    <subfield code="b">illustrations ; </subfield>
    <subfield code="c">30 cm. + </subfield>
    <subfield code="e">CD.</subfield>
  </datafield>
  <datafield tag="336" ind1=" " ind2=" ">
    <subfield code="a">text</subfield>
    <subfield code="2">rda content</subfield>
  </datafield>
  <datafield tag="337" ind1=" " ind2=" ">
    <subfield code="a">Unmediated</subfield>
    <subfield code="2">rdamedia</subfield>
  </datafield>
  <datafield tag="338" ind1=" " ind2=" ">
    <subfield code="a">volume</subfield>
    <subfield code="2">rdacarrier</subfield>
  </datafield>
  <datafield tag="502" ind1=" " ind2=" ">
    <subfield code="a">Thesis (M.Sc)-Cairo University, 2025.</subfield>
  </datafield>
  <datafield tag="504" ind1=" " ind2=" ">
    <subfield code="a">Bibliography: pages 90-102. </subfield>
  </datafield>
  <datafield tag="520" ind1=" " ind2="3">
    <subfield code="a">This study aims to utilize corn cob biomass for the production of sustainable adsorbent materials to treat dye-contaminated wastewater. Three adsorbents were prepared: activated carbon (AC), manganese oxide-loaded activated carbon (N MnO&#x2082;-AC), and copper oxide-loaded activated carbon (N CuO-AC). All three materials exhibited high efficiency, significant adsorption capacity, and excellent dye removal performance. Kinetic studies indicated that the adsorption process followed the pseudo-second-order model, while equilibrium data were well fitted to the Langmuir model. A case study using real industrial wastewater confirmed the practical effectiveness of the three adsorbents under realistic conditions. From an economic perspective, the alternative materials were compared with conventional commercial adsorbents, and the results revealed the superiority of the alternatives in terms of cost-effectiveness. Among them, activated carbon proved to be the least expensive and the most feasible option, highlighting its strong potential for large-scale, sustainable wastewater treatment applications.</subfield>
  </datafield>
  <datafield tag="520" ind1=" " ind2="3">
    <subfield code="a">&#x62A;&#x647;&#x62F;&#x641; &#x647;&#x630;&#x647; &#x627;&#x644;&#x62F;&#x631;&#x627;&#x633;&#x629; &#x625;&#x644;&#x649; &#x627;&#x633;&#x62A;&#x62E;&#x62F;&#x627;&#x645; &#x627;&#x644;&#x643;&#x62A;&#x644;&#x629; &#x627;&#x644;&#x62D;&#x64A;&#x648;&#x64A;&#x629; &#x644;&#x643;&#x648;&#x627;&#x644;&#x62D; &#x627;&#x644;&#x630;&#x631;&#x629; &#x641;&#x64A; &#x625;&#x646;&#x62A;&#x627;&#x62C; &#x645;&#x648;&#x627;&#x62F; &#x645;&#x627;&#x635;&#x629; &#x645;&#x633;&#x62A;&#x62F;&#x627;&#x645;&#x629; &#x644;&#x645;&#x639;&#x627;&#x644;&#x62C;&#x629; &#x645;&#x64A;&#x627;&#x647; &#x627;&#x644;&#x635;&#x631;&#x641; &#x627;&#x644;&#x645;&#x644;&#x648;&#x62B;&#x629; &#x628;&#x627;&#x644;&#x623;&#x635;&#x628;&#x627;&#x63A;. &#x62A;&#x645; &#x62A;&#x62D;&#x636;&#x64A;&#x631; &#x62B;&#x644;&#x627;&#x62B; &#x645;&#x648;&#x627;&#x62F; &#x645;&#x627;&#x635;&#x629;: &#x627;&#x644;&#x643;&#x631;&#x628;&#x648;&#x646; &#x627;&#x644;&#x646;&#x634;&#x637; (AC)&#x60C; &#x648;&#x627;&#x644;&#x643;&#x631;&#x628;&#x648;&#x646; &#x627;&#x644;&#x646;&#x634;&#x637; &#x627;&#x644;&#x645;&#x62D;&#x645;&#x651;&#x644; &#x628;&#x623;&#x643;&#x633;&#x64A;&#x62F; &#x627;&#x644;&#x645;&#x646;&#x62C;&#x646;&#x64A;&#x632; (N MnO&#x2082;-AC)&#x60C; &#x648;&#x627;&#x644;&#x643;&#x631;&#x628;&#x648;&#x646; &#x627;&#x644;&#x646;&#x634;&#x637; &#x627;&#x644;&#x645;&#x62D;&#x645;&#x651;&#x644; &#x628;&#x623;&#x643;&#x633;&#x64A;&#x62F; &#x627;&#x644;&#x646;&#x62D;&#x627;&#x633; (N CuO-AC). &#x623;&#x638;&#x647;&#x631;&#x62A; &#x62C;&#x645;&#x64A;&#x639; &#x627;&#x644;&#x645;&#x648;&#x627;&#x62F; &#x643;&#x641;&#x627;&#x621;&#x629; &#x639;&#x627;&#x644;&#x64A;&#x629; &#x648;&#x633;&#x639;&#x629; &#x627;&#x645;&#x62A;&#x635;&#x627;&#x635; &#x645;&#x631;&#x62A;&#x641;&#x639;&#x629; &#x648;&#x646;&#x633;&#x628;&#x629; &#x625;&#x632;&#x627;&#x644;&#x629; &#x645;&#x645;&#x64A;&#x632;&#x629; &#x644;&#x644;&#x623;&#x635;&#x628;&#x627;&#x63A;. &#x627;&#x62A;&#x628;&#x639;&#x62A; &#x627;&#x644;&#x645;&#x648;&#x627;&#x62F; &#x641;&#x64A; &#x62F;&#x631;&#x627;&#x633;&#x627;&#x62A; &#x627;&#x644;&#x62D;&#x631;&#x643;&#x64A;&#x629; &#x646;&#x645;&#x648;&#x630;&#x62C; &#x627;&#x644;&#x645;&#x631;&#x62A;&#x628;&#x629; &#x627;&#x644;&#x62B;&#x627;&#x646;&#x64A;&#x629; &#x627;&#x644;&#x632;&#x627;&#x626;&#x641;&#x629;&#x60C; &#x628;&#x64A;&#x646;&#x645;&#x627; &#x62A;&#x648;&#x627;&#x641;&#x642; &#x627;&#x644;&#x627;&#x62A;&#x632;&#x627;&#x646; &#x645;&#x639; &#x646;&#x645;&#x648;&#x630;&#x62C; &#x644;&#x627;&#x646;&#x62C;&#x645;&#x64A;&#x631;. &#x643;&#x645;&#x627; &#x623;&#x638;&#x647;&#x631;&#x62A; &#x62F;&#x631;&#x627;&#x633;&#x629; &#x62D;&#x627;&#x644;&#x629; &#x639;&#x644;&#x649; &#x645;&#x64A;&#x627;&#x647; &#x635;&#x631;&#x641; &#x635;&#x646;&#x627;&#x639;&#x64A;&#x629; &#x62D;&#x642;&#x64A;&#x642;&#x64A;&#x629; &#x641;&#x639;&#x627;&#x644;&#x64A;&#x629; &#x627;&#x644;&#x645;&#x648;&#x627;&#x62F; &#x627;&#x644;&#x62B;&#x644;&#x627;&#x62B;. &#x645;&#x646; &#x627;&#x644;&#x646;&#x627;&#x62D;&#x64A;&#x629; &#x627;&#x644;&#x627;&#x642;&#x62A;&#x635;&#x627;&#x62F;&#x64A;&#x629;&#x60C; &#x62A;&#x645;&#x62A; &#x645;&#x642;&#x627;&#x631;&#x646;&#x629; &#x627;&#x644;&#x645;&#x648;&#x627;&#x62F; &#x627;&#x644;&#x628;&#x62F;&#x64A;&#x644;&#x629; &#x628;&#x627;&#x644;&#x645;&#x648;&#x627;&#x62F; &#x627;&#x644;&#x635;&#x646;&#x627;&#x639;&#x64A;&#x629; &#x627;&#x644;&#x62A;&#x62C;&#x627;&#x631;&#x64A;&#x629;&#x60C; &#x648;&#x623;&#x638;&#x647;&#x631;&#x62A; &#x627;&#x644;&#x646;&#x62A;&#x627;&#x626;&#x62C; &#x62A;&#x641;&#x648;&#x642; &#x627;&#x644;&#x645;&#x648;&#x627;&#x62F; &#x627;&#x644;&#x628;&#x62F;&#x64A;&#x644;&#x629; &#x645;&#x646; &#x62D;&#x64A;&#x62B; &#x627;&#x644;&#x62C;&#x62F;&#x648;&#x649; &#x648;&#x627;&#x644;&#x62A;&#x643;&#x644;&#x641;&#x629;&#x60C; &#x62D;&#x64A;&#x62B; &#x643;&#x627;&#x646; &#x627;&#x644;&#x643;&#x631;&#x628;&#x648;&#x646; &#x627;&#x644;&#x646;&#x634;&#x637; &#x627;&#x644;&#x623;&#x642;&#x644; &#x633;&#x639;&#x631;&#x627;&#x64B; &#x648;&#x627;&#x644;&#x623;&#x643;&#x62B;&#x631; &#x642;&#x627;&#x628;&#x644;&#x64A;&#x629; &#x644;&#x644;&#x62A;&#x637;&#x628;&#x64A;&#x642; &#x639;&#x644;&#x649; &#x646;&#x637;&#x627;&#x642; &#x648;&#x627;&#x633;&#x639;.</subfield>
  </datafield>
  <datafield tag="530" ind1=" " ind2=" ">
    <subfield code="a">Issues also as CD.</subfield>
  </datafield>
  <datafield tag="546" ind1=" " ind2=" ">
    <subfield code="a">Text in English and abstract in Arabic &amp; English.</subfield>
  </datafield>
  <datafield tag="650" ind1=" " ind2="0">
    <subfield code="a">wastewater treatment</subfield>
  </datafield>
  <datafield tag="650" ind1=" " ind2="0">
    <subfield code="a">&#x645;&#x639;&#x627;&#x644;&#x62C;&#x629; &#x645;&#x64A;&#x627;&#x647; &#x627;&#x644;&#x635;&#x631;&#x641; &#x627;&#x644;&#x635;&#x62D;&#x64A; </subfield>
  </datafield>
  <datafield tag="653" ind1=" " ind2="1">
    <subfield code="a">Adsorption</subfield>
    <subfield code="a">biobased nanoadsorbents</subfield>
    <subfield code="a">dye wastewater</subfield>
    <subfield code="a">adsorption kinetics</subfield>
    <subfield code="a"> adsorption isotherm</subfield>
    <subfield code="a">&#x627;&#x644;&#x627;&#x645;&#x62A;&#x632;&#x627;&#x632; </subfield>
    <subfield code="a">&#x627;&#x644;&#x645;&#x648;&#x627;&#x62F; &#x627;&#x644;&#x645;&#x627;&#x635;&#x629; &#x627;&#x644;&#x646;&#x627;&#x646;&#x648;&#x64A;&#x629; &#x630;&#x627;&#x62A; &#x627;&#x644;&#x623;&#x633;&#x627;&#x633; &#x627;&#x644;&#x62D;&#x64A;&#x648;&#x64A;</subfield>
  </datafield>
  <datafield tag="700" ind1="0" ind2=" ">
    <subfield code="a">Hanem Abd El Rahman Sibak</subfield>
    <subfield code="e">thesis advisor.</subfield>
  </datafield>
  <datafield tag="700" ind1="0" ind2=" ">
    <subfield code="a">Mohamed S. Hasanin. </subfield>
    <subfield code="e">thesis advisor.</subfield>
  </datafield>
  <datafield tag="900" ind1=" " ind2=" ">
    <subfield code="b">01-01-2025</subfield>
    <subfield code="c">Hanem Abd El Rahman Sibak</subfield>
    <subfield code="c">Mohamed S. Hasanin</subfield>
    <subfield code="d">Nabil Mahmoud Abdel-monem</subfield>
    <subfield code="d">Shereen Mohamed Smair Abdel-Hamid</subfield>
    <subfield code="U">Cairo University</subfield>
    <subfield code="F">Faculty of Engineering</subfield>
    <subfield code="D">Department of Chemical </subfield>
  </datafield>
  <datafield tag="905" ind1=" " ind2=" ">
    <subfield code="a">Shimaa</subfield>
  </datafield>
  <datafield tag="942" ind1=" " ind2=" ">
    <subfield code="2">ddc</subfield>
    <subfield code="c">TH</subfield>
    <subfield code="e">21</subfield>
    <subfield code="n">0</subfield>
  </datafield>
  <datafield tag="999" ind1=" " ind2=" ">
    <subfield code="c">179960</subfield>
  </datafield>
</record>
